000 00565nam a2200181Ia 4500
005 20250508164952.0
008 008 250505s9999 xx 000 0 hin d
037 _aTextBook
040 _aFEDL
_beng
_cFEDL
041 _ahin
_2eng
084 _a300, NCR/R
_qFEDL
245 0 _aSamajik vigyan: Samajik evam rajneetik jeevan 3: Kaksha 8th ke liye patthya pushtak. 4 Vol.
245 0 _cNCERT. New Delhi
260 _aDehradun, India
_bKendriya Braille Press
_c2010
546 _aBraille books
942 _cTB
_h300, NCR/R
999 _c1392373
_d1392373